| 000 | 00580nam a2200205Ii 4500 | ||
|---|---|---|---|
| 003 | JO-AjNU | ||
| 008 | 230606s9999||||xx |||||||||||||| ||und|| | ||
| 040 |
_aJO-AjNU _beng _erda _cJO-AjNU |
||
| 041 | _aeng | ||
| 050 | 1 | 4 | _aJC179.R9.E5 1967 |
| 100 | 3 |
_aEinaudi,Mario, _eauthor _95570 |
|
| 245 | 0 | 4 | _aThe Early Rousseau |
| 250 | _a1 ed | ||
| 264 | 3 | 1 | _aNew York: Cornell University Press,1967 |
| 300 | _a294P | ||
| 336 |
_atext _btxt _2rdacontent |
||
| 337 |
_aunmediated _bn _2rdamedia |
||
| 338 |
_avolume _bnc _2rdacarrier |
||
| 650 | 4 |
_aJean Jacques Rousseau 1778-1912 _95571 |
|
| 999 |
_aE2882 _c2880 _d2880 |
||